Schnelle Mathematik - Multiplikation Level 26 - Statistiken

Allgemein
  • Dieses Quiz wurde 81 mal gespielt
  • Das Durchschnittsergebnis liegt bei 17 aus 20
Antwortstatistiken
Frage Antwort % Korrekt
1⋅1 1
100%
1⋅10 10
100%
2⋅5 10
100%
5⋅2 10
100%
10⋅1 10
100%
10⋅10 100
100%
12⋅9 108
100%
1⋅11 11
100%
11⋅10 110
100%
9⋅13 117
100%
1⋅12 12
100%
2⋅6 12
100%
3⋅4 12
100%
4⋅3 12
100%
6⋅2 12
100%
12⋅1 12
100%
10⋅12 120
100%
11⋅11 121
100%
13⋅1 13
100%
10⋅13 130
100%
1⋅14 14
100%
2⋅7 14
100%
7⋅2 14
100%
14⋅10 140
100%
13⋅11 143
100%
12⋅12 144
100%
1⋅15 15
100%
3⋅5 15
100%
5⋅3 15
100%
15⋅1 15
100%
10⋅15 150
100%
15⋅10 150
100%
8⋅2 16
100%
2⋅9 18
100%
3⋅6 18
100%
6⋅3 18
100%
9⋅2 18
100%
12⋅15 180
100%
1⋅2 2
100%
2⋅1 2
100%
2⋅10 20
100%
5⋅4 20
100%
10⋅2 20
100%
3⋅7 21
100%
7⋅3 21
100%
2⋅11 22
100%
11⋅2 22
100%
15⋅15 225
100%
2⋅12 24
100%
3⋅8 24
100%
6⋅4 24
100%
5⋅5 25
100%
13⋅2 26
100%
3⋅9 27
100%
9⋅3 27
100%
4⋅7 28
100%
7⋅4 28
100%
14⋅2 28
100%
1⋅3 3
100%
3⋅1 3
100%
2⋅15 30
100%
3⋅10 30
100%
5⋅6 30
100%
6⋅5 30
100%
15⋅2 30
100%
4⋅8 32
100%
8⋅4 32
100%
3⋅11 33
100%
7⋅5 35
100%
3⋅12 36
100%
4⋅9 36
100%
6⋅6 36
100%
3⋅13 39
100%
13⋅3 39
100%
2⋅2 4
100%
4⋅1 4
100%
5⋅8 40
100%
8⋅5 40
100%
10⋅4 40
100%
6⋅7 42
100%
7⋅6 42
100%
14⋅3 42
100%
4⋅11 44
100%
11⋅4 44
100%
3⋅15 45
100%
5⋅9 45
100%
9⋅5 45
100%
6⋅8 48
100%
12⋅4 48
100%
7⋅7 49
100%
1⋅5 5
100%
5⋅1 5
100%
5⋅10 50
100%
4⋅13 52
100%
13⋅4 52
100%
9⋅6 54
100%
5⋅11 55
100%
11⋅5 55
100%
7⋅8 56
100%
8⋅7 56
100%
14⋅4 56
100%
1⋅6 6
100%
2⋅3 6
100%
6⋅1 6
100%
4⋅15 60
100%
5⋅12 60
100%
6⋅10 60
100%
10⋅6 60
100%
7⋅9 63
100%
9⋅7 63
100%
8⋅8 64
100%
6⋅11 66
100%
11⋅6 66
100%
1⋅7 7
100%
7⋅1 7
100%
7⋅10 70
100%
10⋅7 70
100%
14⋅5 70
100%
6⋅12 72
100%
8⋅9 72
100%
9⋅8 72
100%
12⋅6 72
100%
5⋅15 75
100%
15⋅5 75
100%
11⋅7 77
100%
13⋅6 78
100%
1⋅8 8
100%
2⋅4 8
100%
8⋅1 8
100%
10⋅8 80
100%
7⋅12 84
100%
12⋅7 84
100%
11⋅8 88
100%
1⋅9 9
100%
3⋅3 9
100%
9⋅1 9
100%
9⋅10 90
100%
10⋅9 90
100%
15⋅6 90
100%
14⋅7 98
100%
9⋅11 99
100%
11⋅9 99
100%
14⋅1 14
90%
15⋅7 105
88%
2⋅14 28
88%
13⋅7 91
88%
11⋅12 132
86%
10⋅11 110
83%
1⋅4 4
83%
8⋅10 80
83%
9⋅9 81
83%
8⋅11 88
83%
9⋅14 126
80%
9⋅15 135
80%
8⋅3 24
80%
2⋅13 26
80%
5⋅13 65
80%
7⋅15 105
75%
9⋅12 108
75%
13⋅9 117
75%
8⋅15 120
75%
15⋅9 135
75%
10⋅14 140
75%
13⋅13 169
75%
13⋅15 195
75%
4⋅6 24
75%
11⋅3 33
75%
12⋅3 36
75%
4⋅10 40
75%
3⋅14 42
75%
4⋅12 48
75%
3⋅2 6
75%
12⋅5 60
75%
7⋅11 77
75%
12⋅8 96
75%
11⋅13 143
71%
11⋅1 11
67%
12⋅10 120
67%
12⋅13 156
67%
2⋅8 16
67%
4⋅4 16
67%
10⋅3 30
67%
15⋅3 45
67%
8⋅6 48
67%
6⋅9 54
67%
15⋅4 60
67%
5⋅14 70
67%
6⋅14 84
67%
14⋅6 84
64%
14⋅8 112
63%
13⋅8 104
60%
4⋅14 56
60%
8⋅12 96
60%
12⋅11 132
57%
8⋅13 104
50%
8⋅14 112
50%
15⋅8 120
50%
14⋅9 126
50%
1⋅13 13
50%
13⋅12 156
50%
11⋅15 165
50%
14⋅12 168
50%
13⋅14 182
50%
4⋅5 20
50%
12⋅2 24
50%
5⋅7 35
50%
9⋅4 36
50%
10⋅5 50
50%
6⋅13 78
50%
4⋅2 8
50%
7⋅13 91
50%
7⋅14 98
50%
14⋅11 154
43%
15⋅13 195
40%
15⋅14 210
33%
6⋅15 90
33%
11⋅14 154
25%
14⋅14 196
25%
14⋅15 210
25%
13⋅5 65
25%
13⋅10 130
0%
15⋅11 165
0%
12⋅14 168
0%
15⋅12 180
0%
14⋅13 182
0%
Keine übereinstimmenden Quizze gefunden
Verteilung der Resultate
Anzahl Personen mit jedem Resultat
Perzentil nach korrekt beantworteten Fragen
Ihre Resultats-Entwicklung
Sie haben dieses Quiz noch nicht gespielt